İçeriği atla
Inicio
Centros participantes
Catálogo
Servicios
Contacto
Giriş
English
Deutsch
Español
Français
Italiano
日本語
Nederlands
Português
Português (Brasil)
中文(简体)
中文(繁體)
Türkçe
עברית
Gaeilge
Cymraeg
Ελληνικά
Català
Euskara
Русский
Čeština
Suomi
Svenska
polski
Dansk
slovenščina
اللغة العربية
বাংলা
Galego
Tiếng Việt
Hrvatski
हिंदी
Հայերէն
Українська
Sámegiella
Dil
Tüm Alanlar
Materyal Adı
Yazar
Konu
Yer Numarası
ISBN/ISSN
Etiket
Ara
Gelişmiş
Treaty of the Economic Communi...
Alıntıla
E-posta Gönder
Yazdır
Kaydı İhraç Et
İhraç Et RefWorks
İhraç Et EndNoteWeb
İhraç Et EndNote
Favorilerime ekle
Kalıcı bağlantı
İlk derecelendirmeyi ekleyin
Treaty of the Economic Community of West African States /Economic Community of West African States
Kaydedildi:
Detaylı Bibliyografya
Kurumsal yazarlar:
Economic Community of West African States
,
ECOWAS
Materyal Türü:
Metin
Baskı/Yayın Bilgisi:
s.l.:
s.e.
Etiketler:
Etiketle
Etiket eklenmemiş, İlk siz ekleyin!
Erişim Bilgileri
Diğer Bilgiler
Yorumlar
Benzer Materyaller
MARC Görünümü
MARC
LEADER
00000 a a2200000 04500
001
22278
003
040
090
|a
151400
110
|a
Economic Community of West African States
245
|a
Treaty of the Economic Community of West African States /Economic Community of West African States
260
|a
s.l.:
|b
s.e.
300
|a
47 p.
710
|a
ECOWAS
999
|c
10767
|d
10767
Benzer Materyaller
Evolution of economic co-operation and integration in Western Asia
Joint defense and economic cooperation treaty between the states or the Arab League
The Political economy of EEC relations with african caribbean and pacific states /
Yazar:: Long, Frank
The way west
Yazar:: Guthrie, A.B
Baskı/Yayın Bilgisi: (1959)
Treaty establishing the Benelux Economic Union